[Event "O pohár města Říčany 2017"]
[Site "Kulturni centrum Labut, 17. Listopadu 214 25101 Ricany"]
[Date "2017.08.27"]
[Round "2.17"]
[White "Hadrava, Jaroslav"]
[Black "Mladek, Richard"]
[Result "0-1"]
[WhiteElo "1964"]
[BlackElo "2160"]
[PlyCount "0"]
[EventDate "2017.08.26"]

1. e4 c5 2. Nf3 Nc6 3. Bb5 g6 4. O-O Bg7 5. c3 Nf6 6. Re1 O-O 7. d4 cxd4
8. cxd4 d5 9. e5 Ne4 10. Nc3 Nxc3 11. bxc3 Na5 12. Ba3 Bd7 13. Bf1 Rc8 14. Rc1
Bh6 15. Nd2 Bg4 16. f3 Bf5 17. g3 Bxd2 18. Qxd2 Nc4 19. Bxc4 Rxc4 20. g4 Be6
21. Qg5 Re8 22. h4 Ra4 23. Bb2 Rxa2 24. Rb1 Qd7 25. h5 Qb5 26. c4 Qb3 27. hxg6
fxg6 28. Re2 Qxf3 29. Rf2 Qxg4+ 30. Qxg4 Bxg4 31. cxd5 Rd8 32. Bc3 Rxf2 33. Kxf2
Bc8 34. Rb5 b6 35. Ke3 Bb7 36. Bb4 Rxd5 37. Rxd5 Bxd5 38. Bxe7 Kf7 39. Bd8 Ke6
40. Kf4 h6 41. Bf6 b5 42. Bd8 Bb3 43. Ke4 g5 44. Kf3 Kf5 45. Be7 h5 46. Kg3 h4+
47. Kh3 Bd5 48. Bb4 Ke4 49. Bc5 Be6+ 0-1

[Event "O pohár města Říčany 2017"]
[Site "Kulturni centrum Labut, 17. Listopadu 214 25101 Ricany"]
[Date "2017.08.27"]
[Round "2.18"]
[White "Nehyba, Martin"]
[Black "Hadzala, Daniel"]
[Result "1-0"]
[WhiteElo "1875"]
[BlackElo "2116"]
[PlyCount "0"]
[EventDate "2017.08.26"]

1. e4 d6 2. d4 Nf6 3. Nc3 c6 4. e5 dxe5 5. dxe5 Qxd1+ 6. Nxd1 Nd5 7. Ne3 Nxe3
8. Bxe3 Bf5 9. O-O-O Nd7 10. f4 e6 11. Bd3 Bxd3 12. Rxd3 g5 13. g3 gxf4 14. gxf4
Nb6 15. Ne2 Rg8 16. Rg1 Rg6 17. Rxg6 hxg6 18. b3 Nd5 19. c4 Ba3+ 20. Kb1 Nxe3
21. Rxe3 Ke7 22. Kc2 Bc5 23. Rf3 Bb4 24. Nc3 f5 25. Rh3 Kd7 26. Rh7+ Be7 27. Ne2
Rg8 28. h4 c5 29. Ng1 Re8 30. Nf3 Kc8 31. Rg7 Bd8 32. Rxg6 Rh8 33. Rxe6 Bxh4
34. Rg6 Bd8 35. Kd3 Kd7 36. Rg7+ Kc6 37. Rf7 Rh5 38. a3 Bc7 39. b4 a6 40. bxc5
Ba5 41. Nd4+ Kxc5 42. Nb3+ 1-0

[Event "O pohár města Říčany 2017"]
[Site "Kulturni centrum Labut, 17. Listopadu 214 25101 Ricany"]
[Date "2017.08.27"]
[Round "2.19"]
[White "Krivanek, Vladimir"]
[Black "Stanek, Ondrej"]
[Result "1/2-1/2"]
[WhiteElo "2107"]
[BlackElo "1885"]
[PlyCount "0"]
[EventDate "2017.08.26"]

1. e3 d5 2. d4 Nf6 3. Nf3 g6 4. c4 Bg7 5. cxd5 Nxd5 6. Nc3 O-O 7. Bc4 Nxc3
8. bxc3 c5 9. O-O Nc6 10. Ba3 b6 11. Rc1 Qc7 12. Qe2 Rd8 13. Rfd1 h6 14. dxc5
Bg4 15. Bd5 e6 16. Be4 f5 17. cxb6 axb6 18. Rxd8+ Rxd8 19. Bxc6 Qxc6 20. h3 Bxf3
21. gxf3 Qd5 22. Bb4 Qd2 23. Qxd2 Rxd2 24. a3 Bf8 25. Rb1 Bxb4 26. Rxb4 Rd1+
27. Kg2 Rd6 28. Kf1 Kf7 29. Ke2 e5 30. a4 Kf6 31. Rb5 Kg5 32. Rxe5 Kh4 33. f4
Kxh3 34. Kf3 h5 35. c4 h4 36. a5 bxa5 37. Rxa5 Rc6 38. c5 Kh2 39. Rb5 h3 40. Ra5
Rc7 41. Rb5 Rc6 42. Ra5 Rc7 43. Rb5 1/2-1/2

[Event "O pohár města Říčany 2017"]
[Site "Kulturni centrum Labut, 17. Listopadu 214 25101 Ricany"]
[Date "2017.08.27"]
[Round "2.20"]
[White "Horyna, Josef"]
[Black "Skacel, Jan"]
[Result "0-1"]
[WhiteElo "1814"]
[BlackElo "1991"]
[PlyCount "0"]
[EventDate "2017.08.26"]

1. d4 d5 2. Nf3 Nf6 3. g3 g6 4. Bg2 Bg7 5. O-O O-O 6. c3 b6 7. Ne5 Bb7 8. c4 c6
9. Nc3 dxc4 10. Nxc4 Nd5 11. Nxd5 cxd5 12. Na3 Nc6 13. Be3 Qd7 14. Qd2 Rfe8
15. Rac1 e6 16. Nc2 a5 17. Bh6 Bh8 18. Rfd1 Ne7 19. Bf4 Rac8 20. Ne3 Rxc1
21. Rxc1 Rc8 22. Rxc8+ Bxc8 23. Qc3 Ba6 24. Bf1 Nc6 25. Nc2 f6 26. Bd2 Bg7
27. Qf3 f5 28. e3 Bxf1 29. Kxf1 e5 30. Bc3 e4 31. Qe2 Na7 32. h4 Bf8 33. Qa6
Qb5+ 34. Qxb5 Nxb5 35. Bd2 Kf7 36. a4 Nd6 37. b3 Ke6 38. Ke2 Kd7 39. Ne1 Kc6
40. Ng2 Nf7 41. Nf4 Bd6 42. Ng2 Nd8 43. Kd1 Nb7 44. Kc2 b5 45. axb5+ Kxb5 46. h5
g5 47. Ne1 Nd8 48. Kb2 h6 49. Nc2 Ne6 50. Be1 Ng7 51. Bd2 Nxh5 52. Ne1 Nf6
53. Ng2 Ng4 54. Be1 Bb4 0-1

[Event "O pohár města Říčany 2017"]
[Site "Kulturni centrum Labut, 17. Listopadu 214 25101 Ricany"]
[Date "2017.08.27"]
[Round "2.21"]
[White "Matys, Jakub"]
[Black "Postupa, Pavel"]
[Result "1-0"]
[WhiteElo "1727"]
[BlackElo "1984"]
[PlyCount "0"]
[EventDate "2017.08.26"]

1. Nf3 Nf6 2. g3 d5 3. d4 Bf5 4. c4 e6 5. Bg2 c6 6. Nc3 h6 7. O-O Nbd7 8. cxd5
exd5 9. Qb3 Qb6 10. Qxb6 axb6 11. a3 b5 12. Bf4 Ne4 13. Nxe4 Bxe4 14. Nd2 Bxg2
15. Kxg2 g5 16. Be3 Bg7 17. f4 O-O 18. fxg5 hxg5 19. Bxg5 Bxd4 20. Rab1 Rfe8
21. Rfe1 Nc5 22. Kf3 Ne6 23. Be3 Bg7 24. Bf2 Ra4 25. h4 b4 26. axb4 Rxb4 27. b3
Nd4+ 28. Bxd4 Rxd4 29. Nf1 Rde4 30. Rbc1 Bb2 31. Rc2 Ba3 32. Ra1 Bb4 33. Ra7
R8e7 34. g4 f5 35. gxf5 Rxh4 36. Ra4 Rhe4 37. e3 c5 38. Ra8+ Re8 39. Ra7 R4e7
40. Rg2+ Kf7 41. Rg6 d4 42. exd4 cxd4 43. Rh6 Bc5 44. Rxb7 Rxb7 45. Rh7+ Kf6
46. Rxb7 Re1 47. Ng3 Re3+ 48. Kg4 Bd6 49. Nh5+ Ke5 50. Rb5+ Ke4 51. f6 d3 52. f7
d2 53. Nf6+ Kd3 54. Rd5+ Kc3 55. Rxd6 Rd3 56. Ne4+ 1-0

[Event "O pohár města Říčany 2017"]
[Site "Kulturni centrum Labut, 17. Listopadu 214 25101 Ricany"]
[Date "2017.08.27"]
[Round "2.22"]
[White "Simak, Roman"]
[Black "Vystrcil, Martin"]
[Result "1/2-1/2"]
[WhiteElo "1702"]
[BlackElo "2038"]
[PlyCount "0"]
[EventDate "2017.08.26"]

1. d4 Nf6 2. c4 g6 3. Nc3 Bg7 4. e4 d6 5. Nf3 O-O 6. Be2 Bg4 7. O-O Nfd7 8. Ne1
Bxe2 9. Nxe2 e5 10. Be3 exd4 11. Bxd4 Nc6 12. Bxg7 Kxg7 13. Nd3 Nce5 14. Nxe5
dxe5 15. Nc3 c6 16. Qd6 Re8 17. Rfd1 Nf6 18. Qc5 Qe7 19. Qxe7 Rxe7 20. f3 Nd7
21. Kf2 Nc5 22. b4 Ne6 23. Ne2 Kf8 24. Rab1 Ke8 25. Rb3 Rd8 26. Rxd8+ Kxd8
27. Rd3+ Kc7 28. Ke3 Kb6 29. Kd2 a5 30. a3 axb4 31. axb4 Kc7 32. h3 Re8 33. Kc3
Ra8 34. Nc1 Nd4 35. Nb3 Ra2 36. Nxd4 exd4+ 37. Kxd4 Rxg2 38. Ke5 Rg3 39. Kf6
Rxh3 40. Kxf7 g5 41. Ke7 Kb6 42. e5 g4 43. c5+ Kb5 44. Rd4 gxf3 45. e6 f2
46. Rf4 Re3 47. Rxf2 Kxb4 48. Kd6 Rd3+ 49. Kc7 Re3 50. Kd6 1/2-1/2

[Event "O pohár města Říčany 2017"]
[Site "Kulturni centrum Labut, 17. Listopadu 214 25101 Ricany"]
[Date "2017.08.27"]
[Round "2.23"]
[White "Skala, Jaromir"]
[Black "Havelka, Petr"]
[Result "1-0"]
[WhiteElo "1942"]
[BlackElo "1818"]
[PlyCount "0"]
[EventDate "2017.08.26"]

1. d4 d5 2. c4 e6 3. Nf3 Nf6 4. Nc3 Be7 5. Bf4 a6 6. e3 O-O 7. h3 dxc4 8. Bxc4
Nbd7 9. O-O b5 10. Bd3 c5 11. dxc5 Nxc5 12. Bc2 Bb7 13. Qe2 Qb6 14. Nd4 Rfd8
15. Rfd1 b4 16. Na4 Nxa4 17. Bxa4 Rac8 18. Rac1 Qa5 19. Bc6 Qb6 20. Bxb7 Qxb7
21. Nb3 Nd5 22. Be5 Rxc1 23. Rxc1 Rc8 24. Rc4 Nb6 25. Qg4 g6 26. Rxb4 Bxb4
27. Qxb4 Qc6 28. Qh4 Nd7 29. Bc3 Qd6 30. Nd4 e5 31. Nf3 f6 32. Qg4 Rc6 33. Nh4
f5 34. Nxf5 Qc5 35. Nh6+ Kg7 36. Qxd7+ Kxh6 37. Bxe5 Qxe5 38. Qxc6 Qxb2 39. Qxa6
Qc1+ 40. Kh2 Qc2 41. Qf6 Qxa2 42. Qf8+ Kg5 43. Qf4+ Kh5 44. g4+ Kh4 45. Qh6# 1-0

[Event "O pohár města Říčany 2017"]
[Site "Kulturni centrum Labut, 17. Listopadu 214 25101 Ricany"]
[Date "2017.08.27"]
[Round "2.24"]
[White "Kunc, Jan"]
[Black "Paulovic, Milan"]
[Result "1/2-1/2"]
[WhiteElo "1937"]
[BlackElo "1781"]
[PlyCount "0"]
[EventDate "2017.08.26"]

1. e4 d5 2. exd5 Qxd5 3. Nc3 Qd6 4. d4 Nf6 5. Nf3 c6 6. g3 Bf5 7. Bg2 h6 8. O-O
e6 9. Ne5 Be7 10. a3 a5 11. Nc4 Qd8 12. Re1 O-O 13. b3 Nbd7 14. Bb2 Qc7 15. Qe2
Rfe8 16. h3 Nb6 17. Ne5 Nbd5 18. Na4 Nb6 19. Nc5 Bxc5 20. dxc5 Nbd7 21. b4 Nxe5
22. Bxe5 Qc8 23. Qc4 Nd5 24. Qb3 f6 25. Bb2 a4 26. Qc4 Qd7 27. Rad1 Qf7 28. Kh2
Qg6 29. Rd2 h5 30. Qe2 Qf7 31. c4 Nc7 32. Red1 e5 33. Bf3 g6 34. Be4 Be6 1/2-1/2

[Event "O pohár města Říčany 2017"]
[Site "Kulturni centrum Labut, 17. Listopadu 214 25101 Ricany"]
[Date "2017.08.27"]
[Round "2.25"]
[White "Koper, Stefan"]
[Black "Vit, Zdenek"]
[Result "1-0"]
[WhiteElo "1932"]
[BlackElo "1775"]
[PlyCount "0"]
[EventDate "2017.08.26"]

1. d4 Nf6 2. c4 g6 3. Nc3 d5 4. cxd5 Nxd5 5. e4 Nxc3 6. bxc3 Bg7 7. Rb1 O-O
8. Nf3 c5 9. Be2 Nc6 10. d5 Bxc3+ 11. Bd2 Bxd2+ 12. Qxd2 Nd4 13. Nxd4 cxd4
14. Qxd4 b6 15. O-O f6 16. f4 Bb7 17. Rfd1 Qc7 18. e5 fxe5 19. fxe5 Rac8 20. Bg4
Rcd8 21. Rbc1 Qb8 22. Be6+ Kg7 23. d6 Rfe8 24. Rf1 Rf8 25. Qh4 exd6 26. Qe7+ Kh6
27. Rxf8 Rxf8 28. Rc7 Ba6 29. Qh4# 1-0

[Event "O pohár města Říčany 2017"]
[Site "Kulturni centrum Labut, 17. Listopadu 214 25101 Ricany"]
[Date "2017.08.27"]
[Round "2.26"]
[White "Hlavacek, Ondrej"]
[Black "Vojta, Jakub"]
[Result "0-1"]
[WhiteElo "1773"]
[BlackElo "1930"]
[PlyCount "0"]
[EventDate "2017.08.26"]

1. Nf3 c5 2. c4 Nf6 3. g3 d5 4. cxd5 Nxd5 5. Bg2 Nc6 6. O-O e5 7. d3 Be7 8. Nc3
Nc7 9. Bd2 O-O 10. Qc1 Bd7 11. Ne4 b6 12. Bc3 f6 13. Ned2 Rc8 14. Re1 Ne6
15. Qd1 Kh8 16. e3 b5 17. b3 Qb6 18. Ne4 f5 19. Nxe5 Nxe5 20. Bxe5 fxe4 21. Bxe4
Ng5 22. f4 Nxe4 23. dxe4 Rfd8 24. Qh5 Bf6 25. Rac1 Be8 26. Qg4 Bxe5 27. fxe5 Bg6
28. Rcd1 c4 29. Rxd8+ Rxd8 30. h4 c3 31. h5 Bf7 32. Qf4 Bxh5 33. Qh4 Bg6 34. e6
c2 35. Qe7 Re8 36. Qd7 c1=Q 0-1

[Event "O pohár města Říčany 2017"]
[Site "Kulturni centrum Labut, 17. Listopadu 214 25101 Ricany"]
[Date "2017.08.27"]
[Round "2.27"]
[White "Grecny, Karol"]
[Black "Hampel, Rudolf"]
[Result "1-0"]
[WhiteElo "1926"]
[BlackElo "1772"]
[PlyCount "0"]
[EventDate "2017.08.26"]

1. e4 c5 2. Nf3 e6 3. d4 cxd4 4. Nxd4 a6 5. Be2 d6 6. O-O Be7 7. Be3 Nf6 8. Nd2
O-O 9. c4 Nbd7 10. f3 Qc7 11. Rc1 b6 12. Qe1 Bb7 13. Qg3 Kh8 14. Bd3 Rac8
15. Bb1 Qb8 16. Ne2 Rc7 17. Qh3 Rfc8 18. f4 e5 19. Nc3 Nf8 20. Nd5 Bxd5 21. exd5
Nxd5 22. fxe5 dxe5 23. Rxf7 Nf6 24. Ne4 Bc5 25. Rxc7 Bxe3+ 26. Qxe3 Qxc7 27. b3
Rd8 28. Rf1 Nxe4 29. Qxe4 Qc5+ 30. Kh1 Kg8 31. Qf3 Qe7 32. Be4 Nd7 33. Bb7 a5
34. Qe3 Nc5 35. Bd5+ Kh8 36. h3 e4 37. a3 Rf8 38. Re1 h6 39. Rd1 Nd3 40. Rxd3
Rf1+ 41. Kh2 Qd6+ 42. Qg3 Qf6 43. Bxe4 1-0

[Event "O pohár města Říčany 2017"]
[Site "Kulturni centrum Labut, 17. Listopadu 214 25101 Ricany"]
[Date "2017.08.27"]
[Round "2.28"]
[White "Konvalinka, Vladislav"]
[Black "Pavlicek, Petr"]
[Result "1/2-1/2"]
[WhiteElo "1764"]
[BlackElo "1923"]
[PlyCount "0"]
[EventDate "2017.08.26"]

1. d4 Nf6 2. c4 g6 3. Nc3 d5 4. cxd5 Nxd5 5. Bd2 Bg7 6. e4 Nb6 7. Be3 O-O
8. Rc1 c6 9. Be2 Be6 10. b3 a5 11. Nf3 Bg4 12. O-O N8d7 13. h3 Bxf3 14. Bxf3 e6
15. d5 cxd5 16. exd5 Qf6 17. dxe6 Qxe6 18. Bxb7 Rab8 19. Bd5 Qe5 20. Re1 Qf6
21. Ne4 Qf5 22. Bc6 Ne5 23. Ng3 Qd3 1/2-1/2

[Event "O pohár města Říčany 2017"]
[Site "Kulturni centrum Labut, 17. Listopadu 214 25101 Ricany"]
[Date "2017.08.27"]
[Round "2.29"]
[White "Vlkova, Anezka"]
[Black "Otrubova, Kristyna"]
[Result "1/2-1/2"]
[WhiteElo "1914"]
[BlackElo "1758"]
[PlyCount "0"]
[EventDate "2017.08.26"]

1. e4 c5 2. Nc3 Nc6 3. g3 g6 4. Bg2 Bg7 5. d3 e6 6. Be3 d6 7. f4 Nge7 8. Nf3
O-O 9. O-O b6 10. g4 Ba6 11. Rb1 d5 12. exd5 exd5 13. Ne2 d4 14. Bd2 Qd7 15. h3
Rae8 16. Ng3 f5 17. g5 Nd5 18. Qc1 c4 19. dxc4 Bxc4 20. Re1 Bxa2 21. Ra1 Bc4
22. Bf1 Bxf1 23. Kxf1 Rxe1+ 24. Qxe1 Re8 25. Qc1 Ne3+ 26. Kf2 Nc4 27. Qf1 Nxd2
28. Nxd2 Ne7 29. Qc4+ Kf8 1/2-1/2

[Event "O pohár města Říčany 2017"]
[Site "Kulturni centrum Labut, 17. Listopadu 214 25101 Ricany"]
[Date "2017.08.27"]
[Round "2.30"]
[White "Maslo, Ondrej"]
[Black "Nemcova, Kamila"]
[Result "1/2-1/2"]
[WhiteElo "1744"]
[BlackElo "1908"]
[PlyCount "0"]
[EventDate "2017.08.26"]

1. e4 c5 2. c3 d5 3. exd5 Qxd5 4. d4 Nf6 5. Nf3 Bg4 6. Be2 e6 7. Be3 cxd4
8. cxd4 Nc6 9. Nc3 Qd6 10. O-O Be7 11. Rc1 O-O 12. Qa4 Qb4 13. Qxb4 Nxb4
14. Rfd1 Rfd8 15. h3 Bh5 16. g4 Bg6 17. Ne5 Nfd5 18. a3 Nxc3 19. Rxc3 Nd5
20. Nxg6 hxg6 21. Rc2 Rac8 22. Rdc1 Rxc2 23. Rxc2 b6 24. Bf3 1/2-1/2

[Event "O pohár města Říčany 2017"]
[Site "Kulturni centrum Labut, 17. Listopadu 214 25101 Ricany"]
[Date "2017.08.27"]
[Round "2.31"]
[White "Cermak, Jan"]
[Black "Nemecek, Pavel"]
[Result "0-1"]
[WhiteElo "1904"]
[BlackElo "1750"]
[PlyCount "0"]
[EventDate "2017.08.26"]

1. e4 c5 2. Nf3 g6 3. d4 cxd4 4. Nxd4 Nc6 5. Nc3 Nf6 6. Be2 Bg7 7. O-O O-O
8. Be3 d5 9. exd5 Nxd5 10. Nxd5 Nxd4 11. Bxd4 Qxd5 12. Bxg7 Qxd1 13. Rfxd1 Kxg7
14. Bf3 Bf5 15. c4 Rac8 16. Bxb7 Rxc4 17. Bd5 Rc2 18. b4 Rb8 19. a3 Rd8 20. a4
e6 21. Bf3 Rxd1+ 22. Bxd1 Rb2 23. b5 Bd3 24. g3 e5 25. Bf3 e4 26. Bg2 Kf6
27. Bf1 Ke5 28. Rd1 Kd4 29. g4 f5 30. gxf5 gxf5 31. Bh3 f4 32. Bf5 h6 33. f3 Ke5
34. Bxe4 Bxe4 35. Re1 Rb1 0-1

[Event "O pohár města Říčany 2017"]
[Site "Kulturni centrum Labut, 17. Listopadu 214 25101 Ricany"]
[Date "2017.08.27"]
[Round "2.32"]
[White "Kuhnmund, Ivan"]
[Black "Kylar, Miroslav"]
[Result "0-1"]
[WhiteElo "1640"]
[BlackElo "1899"]
[PlyCount "0"]
[EventDate "2017.08.26"]

1. e4 c6 2. Nc3 d5 3. Qe2 d4 4. Nd1 e5 5. g3 Nf6 6. Bg2 Nbd7 7. d3 Be7 8. Nh3
O-O 9. O-O Nc5 10. f3 h6 11. Ndf2 Be6 12. f4 exf4 13. gxf4 Nh7 14. f5 Bd7
15. Kh1 f6 16. Nf4 Bd6 17. Rg1 Qc7 18. Qf3 a5 19. h4 Be8 20. Bh3 b5 21. Nh5 Bxh5
22. Qxh5 Bf4 23. Rg4 Bxc1 24. Rxc1 Kh8 25. Rcg1 Qf7 26. Rg6 Ra7 27. Qe2 Qxa2
28. Ng4 a4 29. e5 fxe5 30. Nxe5 Qd5+ 31. Bg2 Qd8 32. Qg4 Nf6 33. Qe2 Nfd7
34. Rxh6+ gxh6 35. Ng6+ Kh7 36. Nxf8+ Nxf8 37. Qg4 Rg7 0-1

[Event "O pohár města Říčany 2017"]
[Site "Kulturni centrum Labut, 17. Listopadu 214 25101 Ricany"]
[Date "2017.08.27"]
[Round "2.33"]
[White "Straka, Jaroslav"]
[Black "Vilimova, Julie"]
[Result "1/2-1/2"]
[WhiteElo "1897"]
[BlackElo "1741"]
[PlyCount "0"]
[EventDate "2017.08.26"]

1. d4 Nf6 2. c4 g6 3. Nc3 Bg7 4. e4 d6 5. Be2 O-O 6. Bg5 Nc6 7. d5 Ne5 8. Nf3
Nxf3+ 9. Bxf3 Nd7 10. O-O c6 11. Rc1 h6 12. Be3 Kh7 13. Be2 Qa5 14. Qc2 Nc5
15. f3 Bd7 16. Qb1 Qb4 17. Rfd1 cxd5 18. Nxd5 Qxb2 19. Qxb2 Bxb2 20. Rb1 Na4
21. Nxe7 Be6 22. Rxd6 Ba3 23. e5 Bxd6 24. exd6 Nc3 25. Rb2 Nxe2+ 26. Rxe2 Bxc4
27. Rc2 Be6 28. a3 Rfd8 29. Bf4 a6 30. Kf2 Kg7 1/2-1/2

[Event "O pohár města Říčany 2017"]
[Site "Kulturni centrum Labut, 17. Listopadu 214 25101 Ricany"]
[Date "2017.08.27"]
[Round "2.34"]
[White "Skrabanek, Matej"]
[Black "Zvolensky, David"]
[Result "0-1"]
[WhiteElo "1600"]
[BlackElo "1894"]
[PlyCount "0"]
[EventDate "2017.08.26"]

1. e4 e5 2. f4 exf4 3. Nf3 Ne7 4. Nc3 d5 5. d4 dxe4 6. Nxe4 Nd5 7. Bc4 Be7
8. O-O O-O 9. Bxd5 Qxd5 10. Nc3 Qd6 11. Ne2 g5 12. Qd3 Qg6 13. Qc3 c6 14. Ne5
Qh5 15. Rf2 f6 16. Qb3+ Kh8 17. Nf3 Bd6 18. Bd2 Qf7 19. c4 Be6 20. Rc1 b5 21. d5
cxd5 22. cxb5 Nd7 23. Ned4 Nc5 24. Qd1 Ne4 25. Re2 Bd7 26. Ba5 Rac8 27. Nc6 Bc5+
28. Rxc5 Nxc5 29. Re7 Qg6 30. Nxa7 Rce8 31. Rxe8 Rxe8 32. Qxd5 Qb1+ 33. Kf2 Ne4+
0-1

[Event "O pohár města Říčany 2017"]
[Site "Kulturni centrum Labut, 17. Listopadu 214 25101 Ricany"]
[Date "2017.08.27"]
[Round "2.36"]
[White "Korsa, Jiri"]
[Black "Benes, Karel"]
[Result "1-0"]
[WhiteElo "1820"]
[BlackElo "1706"]
[PlyCount "0"]
[EventDate "2017.08.26"]

1. e4 d6 2. Nc3 c6 3. g4 e5 4. Bg2 b5 5. h3 a5 6. d3 Be7 7. Nge2 Bg5 8. Ng3 a4
9. O-O g6 10. f4 exf4 11. Bxf4 Nh6 12. Qd2 Bxf4 13. Qxf4 g5 14. Qf6 Qxf6
15. Rxf6 Nxg4 16. hxg4 Bxg4 17. Raf1 Be6 18. Nf5 Nd7 19. Ng7+ Ke7 20. R6f2 Raf8
21. Nxe6 fxe6 22. Ne2 Rxf2 23. Rxf2 h5 24. Nd4 Ne5 25. Bf3 g4 26. Bd1 h4 27. Kg2
b4 28. Rf1 Rh6 29. Ne2 h3+ 30. Kh1 Rf6 31. Rxf6 Kxf6 32. Nf4 c5 33. Kh2 Nf3+
34. Bxf3 gxf3 35. Kxh3 e5 36. Nd5+ 1-0

[Event "O pohár města Říčany 2017"]
[Site "Kulturni centrum Labut, 17. Listopadu 214 25101 Ricany"]
[Date "2017.08.27"]
[Round "3.1"]
[White "Pulpan, Jakub"]
[Black "Jelinek, Michal"]
[Result "1-0"]
[WhiteElo "2390"]
[BlackElo "2173"]
[PlyCount "0"]
[EventDate "2017.08.26"]

1. e4 e6 2. d4 d5 3. Nc3 Bb4 4. e5 c5 5. a3 Bxc3+ 6. bxc3 Ne7 7. h4 Qa5 8. Bd2
Nbc6 9. a4 Bd7 10. h5 h6 11. Nf3 Qc7 12. Bd3 c4 13. Be2 O-O-O 14. Bf4 Rdf8
15. Qd2 Qd8 16. Kf1 Kb8 17. g3 Ka8 18. Kg2 Be8 19. Qc1 Rfg8 20. Qa3 f5 21. a5
Bf7 22. a6 b6 23. Qc1 Qe8 24. Nd2 Na5 25. Bf3 Nec6 26. Qb2 Qc8 27. Nb1 Qxa6
28. Na3 Rb8 29. Nb5 Qc8 30. Nd6 Qc7 31. Nxf5 Rbf8 32. Nd6 Be8 33. Rh4 Ne7
34. Rhh1 Nc8 35. Rhb1 g5 36. hxg6 Bxg6 37. Nxc8 Rxc8 38. Rh1 Qg7 39. Qc1 h5
40. Bg5 Rh7 41. Bf6 Qf7 42. Rh4 Nc6 43. Qb2 Kb8 44. Ra6 Rc7 45. Rh1 Ne7 46. Rha1
Nc8 47. Rh1 Ne7 48. Raa1 Ng8 49. Bd8 Rb7 50. Qa3 Qf5 51. Rh4 Qf7 52. Qd6+ Kc8
53. Bg5 Rd7 54. Qc6+ Kb8 55. Bf4 Rc7 56. Qd6 Kc8 57. Bg5 Rd7 58. Qc6+ Kb8
59. Rhh1 Qf5 60. Bf4 Rc7 61. Qd6 Rd7 62. Qa3 Rh7 63. Rhb1 Rb7 64. Qd6+ Rhc7
65. Ra2 h4 66. Qd8+ Rc8 67. Qxh4 Rh7 68. Qg4 Qf7 69. Bxd5 Bf5 70. Qf3 Qc7
71. Be4 1-0

[Event "O pohár města Říčany 2017"]
[Site "Kulturni centrum Labut, 17. Listopadu 214 25101 Ricany"]
[Date "2017.08.27"]
[Round "3.2"]
[White "Zeman, Matyas"]
[Black "Vojta, Tomas"]
[Result "1/2-1/2"]
[WhiteElo "2168"]
[BlackElo "2363"]
[PlyCount "0"]
[EventDate "2017.08.26"]

1. d4 d5 2. Bf4 Nf6 3. e3 c5 4. c3 Nc6 5. Nd2 Qb6 6. Qb3 Bf5 7. dxc5 Qxb3
8. axb3 e5 9. Bg3 Bxc5 10. Ngf3 Bd6 11. Bb5 Nd7 12. O-O Ke7 13. Rfe1 f6 14. b4
Be6 15. e4 Nb6 16. exd5 Bxd5 17. Ne4 Bxe4 18. Rxe4 Kd7 19. Nd4 Rhd8 20. Rd1 g6
21. Bxc6+ bxc6 22. b5 cxb5 23. Nxb5 Kc6 24. Nxd6 Rxd6 25. Rxd6+ Kxd6 26. f3 a5
27. Bf2 Rb8 28. b4 1/2-1/2

[Event "O pohár města Říčany 2017"]
[Site "Kulturni centrum Labut, 17. Listopadu 214 25101 Ricany"]
[Date "2017.08.27"]
[Round "3.3"]
[White "Novotny, Michal"]
[Black "Rut, Vojtech"]
[Result "1-0"]
[WhiteElo "2257"]
[BlackElo "2140"]
[PlyCount "0"]
[EventDate "2017.08.26"]

1. d4 Nf6 2. Nf3 c5 3. d5 b5 4. Bg5 Bb7 5. Bxf6 gxf6 6. e3 Rg8 7. Qd3 Na6
8. Nc3 b4 9. Nb5 Qa5 10. Nd2 b3 11. Qxb3 Rg4 12. c3 Rb8 13. Nc4 Qd8 14. O-O-O
Nc7 15. Nxc7+ Qxc7 16. Qa4 f5 17. g3 Bxd5 18. Rxd5 Qb7 19. Qb3 1-0

[Event "O pohár města Říčany 2017"]
[Site "Kulturni centrum Labut, 17. Listopadu 214 25101 Ricany"]
[Date "2017.08.27"]
[Round "3.4"]
[White "Husek, Martin"]
[Black "Haba, Zdenek"]
[Result "1/2-1/2"]
[WhiteElo "2148"]
[BlackElo "2207"]
[PlyCount "0"]
[EventDate "2017.08.26"]

1. e4 c5 2. Nf3 e6 3. d4 cxd4 4. Nxd4 a6 5. Bd3 g6 6. O-O Bg7 7. Be3 Ne7 8. c4
O-O 9. Nc3 d5 10. cxd5 exd5 11. Rc1 dxe4 12. Bxe4 Nbc6 13. Nxc6 Nxc6 14. Nd5 Be6
15. Bc5 Re8 16. b3 Qh4 17. Re1 Rad8 18. g3 Qh3 19. Bg2 Qg4 20. Bb6 Qxd1
21. Rcxd1 Rd7 22. Rxe6 Rxe6 23. Nf6+ Bxf6 24. Rxd7 Re1+ 25. Bf1 Re7 26. Rxe7
Bxe7 27. Bg2 Kf8 28. Kf1 Ke8 29. Ke2 Kd7 30. Bd5 f6 31. Bg8 h6 32. Bh7 g5
33. Kf3 Ne5+ 34. Ke4 Ke6 35. Bf5+ Kd6 36. Bc8 Kc6 37. Be3 Nf7 38. Bh3 Nd6+
39. Kd3 b5 40. Bg2+ Kc7 41. h4 Nf5 42. Bd2 Bc5 43. Ba5+ Bb6 44. Bxb6+ Kxb6
45. Ke4 Ne7 46. f4 gxh4 47. gxh4 Kc5 48. a3 a5 49. Bf1 1/2-1/2

[Event "O pohár města Říčany 2017"]
[Site "Kulturni centrum Labut, 17. Listopadu 214 25101 Ricany"]
[Date "2017.08.27"]
[Round "3.5"]
[White "Anaskin, Arsenij"]
[Black "Kaplan, Daniel"]
[Result "1-0"]
[WhiteElo "2188"]
[BlackElo "2057"]
[PlyCount "0"]
[EventDate "2017.08.26"]

1. e4 e5 2. Nf3 Nc6 3. Nc3 Nf6 4. Bb5 d6 5. h3 Bd7 6. d3 Be7 7. O-O O-O 8. Ne2
a6 9. Ba4 b5 10. Bb3 Na5 11. Ng3 c5 12. c3 Nxb3 13. Qxb3 Be6 14. Qd1 Nd7 15. d4
exd4 16. cxd4 d5 17. exd5 Bxd5 18. Nf5 Bf6 19. Be3 Be4 20. Ng3 Bxf3 21. gxf3
cxd4 22. Bxd4 Ne5 23. Kg2 Ng6 24. Bxf6 Qxf6 25. f4 Nxf4+ 26. Kh2 Qxb2 27. Rb1
Qf6 28. Qg4 Rac8 29. a4 bxa4 30. Rb4 Ng6 31. Rxa4 Ne5 32. Qe4 Rfe8 33. Nh5 Qc6
34. Qf4 Re6 35. h4 Nf3+ 36. Kh3 Qc3 37. Kg2 Rg6+ 38. Ng3 Ne5 39. Re4 Nd3 40. Qe3
h6 41. Rd1 Nb2 42. Rd8+ Kh7 43. Qxc3 Rxc3 44. Ree8 Re6 45. Rh8+ Kg6 46. f4 Rc2+
47. Kf3 Rb6 48. f5+ Kf6 49. Kf4 g5+ 50. fxg6 fxg6 51. Ne4+ Kg7 52. Rhg8+ Kf7
53. Rgf8+ Kg7 54. Rfe8 g5+ 55. hxg5 hxg5+ 56. Kxg5 Rg2+ 57. Kf4 Rc2 58. Re7+ Kh6
59. Rh8+ Kg6 60. Rg8+ Kh6 61. Rh8+ Kg6 62. Rh3 Rg2 63. Rhh7 Nd3+ 64. Ke3 Ne1
65. Reg7+ Kf5 66. Rh5+ Ke6 67. Rh6+ Kd5 68. Rd7+ Ke5 69. Re7+ Kd5 70. Rxb6 a5
71. Rb5+ Kc6 72. Rxa5 Nc2+ 73. Kf4 1-0